Cristo en los infiernos (Record no. 90992)

MARC details
000 -LEADER
campo de control de longitud fija 00498nam a2200169 i 4500
001 - NÚMERO DE CONTROL
campo de control 90992
003 - IDENTIFICADOR DE NÚMERO DE CONTROL
campo de control ES-MaACL
005 - FECHA Y HORA DE LA ÚLTIMA TRANSACCIÓN
campo de control 20250626063146.0
007 - CAMPO FIJO DE DESCRIPCIÓN FÍSICA--INFORMACIÓN GENERAL
campo de control de longitud fija t|
008 - DATOS DE LONGITUD FIJA--INFORMACIÓN GENERAL
campo de control de longitud fija 050126s1941 sp ||||1| spa d
100 1# - ENTRADA PRINCIPAL--NOMBRE DE PERSONA
Nombre de persona León, Ricardo,
Fechas asociadas al nombre 1877-1943
9 (RLIN) 71597
245 10 - MENCIÓN DEL TÍTULO
Título Cristo en los infiernos
Resto del título : novela /
Mención de responsabilidad, etc. Ricardo León.
260 ## - PUBLICACIÓN, DISTRIBUCIÓN, ETC.
Lugar de publicación, distribución, etc. Madrid :
Nombre del editor, distribuidor, etc. Victoriano Suárez,
Fecha de publicación, distribución, etc. 1941 (
Fabricante Rivadeneyra)
300 ## - DESCRIPCIÓN FÍSICA
Extensión 575 p. ;
Dimensiones 20 cm.
852 ## - LOCALIZACIÓN
Ubicación ES-MaACL
Número de control de estantería F-5131
Sublocalización o colección R.20346
Holdings
Estatus retirado Estado de pérdida Estado de daño No para préstamo Biblioteca de origen Biblioteca actual Ubicación en estantería Fecha de adquisición Fuente de adquisición Total de préstamos Signatura topográfica completa Código de barras Visto por última vez Precio de reemplazo Tipo de ítem Koha
        Biblioteca del Ateneo de Madrid Biblioteca del Ateneo de Madrid Depósito 2 17/01/2008     F-5131 1095002 23/02/2023 23/02/2023 Libro impreso